An alternative resolution (Record no. 67917)

MARC details
000 -LEADER
fixed length control field 01396cam a2200301 4500
001 - CONTROL NUMBER
control field ABS64258
008 - FIXED-LENGTH DATA ELEMENTS--GENERAL INFORMATION
fixed length control field 010806n2001 000 0 eng u
035 ## - SYSTEM CONTROL NUMBER
System control number (Sirsi) u113966
100 ## - MAIN ENTRY--PERSONAL NAME
Personal name Cohen, R.
245 #3 - TITLE STATEMENT
Title An alternative resolution
260 ## - PUBLICATION, DISTRIBUTION, ETC.
Date of publication, distribution, etc. 2001
490 ## - SERIES STATEMENT
Series statement Estates Gazette
Volume/sequential designation (0128) 14 July 2001, 136-137(2)
520 ## - SUMMARY, ETC.
Summary, etc. Considers whether the adjudication process could provide a quicker, cheaper and more effective process than when landlords and tenants pursue a service charge dispute through the courts. Looks at the case of "Fluor Daniel Properties Ltd v Shortlands Investments Ltd" (2001) which illustrates the problems that are encountered in resolving service charge disputes in commercial premises via the courts. Lists the various matters which would need to be included in a model adjudication agreement.
590 ## - LOCAL NOTE (RLIN)
Local note ABS
650 ## - SUBJECT ADDED ENTRY--TOPICAL TERM
Topical term or geographic name entry element COSTS
650 ## - SUBJECT ADDED ENTRY--TOPICAL TERM
Topical term or geographic name entry element MODEL ADJUDICATION PROCEDURE
650 ## - SUBJECT ADDED ENTRY--TOPICAL TERM
Topical term or geographic name entry element MODEL AGREEMENTS
650 ## - SUBJECT ADDED ENTRY--TOPICAL TERM
Topical term or geographic name entry element SERVICE CHARGE DISPUTES
650 ## - SUBJECT ADDED ENTRY--TOPICAL TERM
Topical term or geographic name entry element DELAY
650 ## - SUBJECT ADDED ENTRY--TOPICAL TERM
Topical term or geographic name entry element PROPERTY-COMMERCIAL PROPERTY
650 ## - SUBJECT ADDED ENTRY--TOPICAL TERM
Topical term or geographic name entry element LANDLORDS
650 ## - SUBJECT ADDED ENTRY--TOPICAL TERM
Topical term or geographic name entry element TENANTS
650 ## - SUBJECT ADDED ENTRY--TOPICAL TERM
Topical term or geographic name entry element FLUOR DANIEL PROPERTIES LTD V SHORTLANDS INVESTMENTS LTD
650 ## - SUBJECT ADDED ENTRY--TOPICAL TERM
Topical term or geographic name entry element HOUSING GRANTS CONSTRUCTION AND REGENERATION ACT 1996
690 ## - LOCAL SUBJECT ADDED ENTRY--TOPICAL TERM (OCLC, RLIN)
Topical term or geographic name as entry element MANGEMENT-DISPUTE AVOIDANCE, MANAGEMENT AND RESOLUTION-DISPUTE MANAGEMENT AND RESOLUTION
700 ## - ADDED ENTRY--PERSONAL NAME
Personal name Walton, M.
942 ## - ADDED ENTRY ELEMENTS (KOHA)
Suppress in OPAC 0
Holdings
Withdrawn status Lost status Source of classification or shelving scheme Damaged status Not for loan Home library Current library Shelving location Date acquired Total Checkouts Full call number Barcode Date last seen Copy number Price effective from Koha item type
    Dewey Decimal Classification     London London Journal article 06/08/2001   ABS64258 113966-1001 06/08/2019 1 06/08/2019 Journal article